[Event "ch-Serbia"]
[Site "Leskovac YUG"]
[Date "2002.02.20"]
[Round "6"]
[White "Dimitrijevic,A"]
[Black "Tosic,M"]
[Result "0-1"]
[WhiteElo "2227"]
[BlackElo "2495"]

1.e4 c5 2.Nf3 e6 3.d4 cxd4 4.Nxd4 a6 5.Nc3 Nc6 6.Be3 Qc7 7.f4 b5 8.e5 Bb4
9.Qg4 g6 10.Bd3 Nge7 11.Ne2 Nd5 12.Bd2 Nxc3 13.Nxc3 d5 14.exd6 Bxd6 15.Ne4 Be7
16.Bc3 f5 17.Qf3 O-O 18.Ng3 Bb7 19.Qe3 e5 20.h4 Bf6 21.O-O-O Rae8 22.Qc5 exf4
23.Ne2 Bxc3 24.Qxc3 Qf7 25.Kb1 f3 26.gxf3 Ne5 27.h5 Bxf3 28.hxg6 hxg6 29.Rh2 Qf6
30.Qb3+ Rf7 31.Rd2 Qc6 32.Nd4 Nc4 33.Nxf3 Nxd2+ 34.Rxd2 Qxf3 35.a3 Re1+ 36.Ka2 Qh1
37.Qb4 Qd5+ 38.c4 Qe6 39.Qc3 Rc7 40.Qd4 Qe5 41.Qd8+ Kg7 42.Rg2 Rf7 43.Qh4 Re3
44.Rh2 Kg8 45.Qd8+ Rf8 46.Qh4 Qg7 47.Bc2 bxc4 48.Qf4 Rfe8 49.Qxc4+ Kf8 50.Bb3 Rxb3
51.Qxb3 Qg8 52.Qxg8+ Kxg8 53.b4 Kg7 54.a4 g5 55.Kb3 g4 56.b5 axb5 57.axb5 Kg6
58.Kc4 f4 59.b6 f3 60.b7 Rb8 61.Kd4 Rxb7 62.Ke3 Kg5 63.Rh8 Rb3+ 64.Kf2 Rb2+
65.Kf1 Kf4 66.Rf8+  0-1

[Event "Petrov Mem Open"]
[Site "St Petersburg RUS"]
[Date "2002.02.20"]
[Round "9"]
[White "Rogovoi,M"]
[Black "Vaingorten,Y"]
[Result "1-0"]
[WhiteElo "2187"]
[BlackElo "2215"]

1.e4 c5 2.Nf3 e6 3.d4 cxd4 4.Nxd4 a6 5.Nc3 b5 6.Bd3 Qb6 7.Be3 Bc5 8.Be2 Nc6
9.Nxc6 dxc6 10.Bxc5 Qxc5 11.Qd3 Nf6 12.f4 e5 13.f5 Ra7 14.O-O-O O-O 15.Qf3 b4
16.Nb1 a5 17.g4 a4 18.g5 Ne8 19.Rd3 Nc7 20.Qh5 g6 21.Qh6 f6 22.gxf6 Nd5 23.exd5 Bxf5
24.Qe3 Qxe3+ 25.Rxe3 cxd5 26.Rxe5 Rc7 27.Bd1 Rfc8 28.Re7 Bxc2 29.Rxc7 Rxc7
30.Bxc2 b3 31.axb3 axb3 32.Nc3 bxc2 33.Nxd5 Rc5 34.Ne3 Kf7 35.Rf1 g5 36.Nxc2 h5
37.b4 Rb5 38.Kb2 g4 39.Kc3 h4 40.Rf4 Rg5 41.Ne3 g3 42.hxg3 Rxg3 43.Kd4 h3
44.Ng4 Rb3 45.Kc4  1-0

[Event "9th Open Metalis"]
[Site "Bizovac CRO"]
[Date "2002.02.22"]
[Round "3"]
[White "Fercec,N"]
[Black "Sax,G"]
[Result "1/2-1/2"]
[WhiteElo "2438"]
[BlackElo "2584"]

1.e4 c5 2.Nf3 e6 3.d4 cxd4 4.Nxd4 a6 5.Nc3 Qc7 6.Bd3 Nc6 7.Be3 Nf6 8.O-O Ne5
9.h3 Bc5 10.Kh1 d6 11.f4 Ng6 12.Qe1 Bd7 13.f5 Ne5 14.Qh4 Qb6 15.Nce2 exf5
16.b4 Qxb4 17.Rab1 Qa4 18.Rxb7 Bxd4 19.Nxd4 fxe4 20.Rxf6 exd3 21.Rxd6 O-O
22.Qg3 Rfe8 23.Bh6 Bg4 24.Bxg7 d2 25.Bxe5 d1=Q+ 26.Kh2 Qa5 27.Nf3 Qxf3 28.gxf3 Qxe5
29.Qxe5 Rxe5 30.hxg4 Re2+ 31.Kg3 Rxc2 32.Rdd7 Rf8 33.Ra7 Rxa2  1/2-1/2

[Event "Open"]
[Site "Antalya TUR"]
[Date "2002.02.26"]
[Round "5"]
[White "Yilmaz,T"]
[Black "Popchev,M"]
[Result "0-1"]
[WhiteElo "2283"]
[BlackElo "2448"]

1.e4 c5 2.Nf3 e6 3.d4 cxd4 4.Nxd4 a6 5.Nc3 b5 6.Bd3 Bb7 7.O-O Ne7 8.a4 b4
9.Nce2 Nec6 10.Nxc6 Nxc6 11.b3 Bc5 12.Bb2 O-O 13.Rc1 d6 14.Kh1 Ne5 15.f3 Qh4
16.Qe1 Qxe1 17.Rfxe1 Rac8 18.Ng3 Rfd8 19.Bf1 Bb6 20.c3 Ba5 21.cxb4 Bxb4 22.Red1 f6
23.Nh5 Kf7 24.Nf4 a5 25.Bb5 Ke7 26.Kg1 g5 27.Nd3 Nxd3 28.Bxd3 d5 29.Rxc8 Rxc8
30.Rc1 Rxc1+ 31.Bxc1 e5 32.g4 Kd6 33.Kf2 h6 34.Ke2 Bc8 35.exd5 Kxd5 36.Be3 Kd6
37.Bb6 Ke7 38.Ke3 Be6 39.Bc4 Bc8 40.Ke4 Bb7+ 41.Bd5 Bc8 42.Bf2 Kd6 43.h4 Ke7
44.h5 f5+ 45.gxf5 Kf6 46.Be6 Bb7+ 47.Ke3 Bc5+ 48.Ke2 Bxf2 49.Kxf2 e4 50.fxe4 Bxe4
51.b4 axb4 52.a5 Bb7 53.Ke3 Ke5 54.Bd7 b3 55.Kd2 Kf6 56.Ba4 b2 57.Bc2 g4
58.Ke3 g3 59.Bb1 Ke5 60.Bc2 g2 61.Kf2 g1=Q+ 62.Kxg1 Be4  0-1

[Event "Cupa Martisor Open"]
[Site "Bucharest ROM"]
[Date "2002.03.01"]
[Round "1"]
[White "Ionita,M"]
[Black "Patrascu,An"]
[Result "0-1"]
[WhiteElo "2115"]
[BlackElo "2255"]

1.e4 c5 2.Nf3 e6 3.d4 cxd4 4.Nxd4 a6 5.Nc3 Ne7 6.Bd3 Nec6 7.Nb3 Be7 8.Be3 d6
9.O-O b5 10.a3 Bb7 11.Kh1 O-O 12.f4 Nd7 13.Qg4 Nf6 14.Qh3 Re8 15.Nd4 Nd7
16.e5 Nf8 17.f5 exf5 18.e6 fxe6 19.Nxe6 Nxe6 20.Qxf5 Nf8 21.Qf7+ Kh8 22.Be4 Ne5
23.Qh5 Bxe4 24.Nxe4 Nfg6 25.Bg5 Rf8 26.Rxf8+ Qxf8 27.Bxe7 Qxe7 28.Rf1 h6  0-1

[Event "Open"]
[Site "Malaga ESP"]
[Date "2002.03.01"]
[Round "8"]
[White "Rodriguez Vinuesa,A"]
[Black "Garcia Martinez,S"]
[Result "1/2-1/2"]
[WhiteElo "2067"]
[BlackElo "2395"]

1.e4 c5 2.Nf3 e6 3.d4 cxd4 4.Nxd4 a6 5.Nc3 Qc7 6.Be2 Nf6 7.O-O Bb4 8.Qd3 Nc6
9.Nxc6 bxc6 10.a3 Be7 11.f4 d5 12.e5 Nd7 13.Qg3 g6 14.Kh1 Bb7 15.Na4 c5 16.c4 d4
17.b4 O-O 18.Nxc5 Bxc5 19.bxc5 Nxc5 20.Bb2 Rfd8 21.Rad1 d3 22.Bxd3 Nxd3 23.Rxd3 Qxc4
24.Rfd1 Rxd3 25.Qxd3 Qxf4 26.Rf1 Qg5 27.Qe2 Rc8 28.Qf2 Rc7 29.h3 h5 30.Bc1 Qf5
31.Qxf5 exf5 32.Bg5 Rc2 33.Rg1 Re2 34.Bf6 g5 35.Bxg5 Kh7 36.Kh2 Rxe5 37.Rb1 Bd5
38.Rb2 Re6 39.Rd2 Be4 40.Bf4 Rc6 41.Be5 f6 42.Bb2 Kg6 43.Bd4 f4 44.Rf2 Rc4
45.Bb2 Kg5 46.Rd2 Bc6 47.Rf2 Kf5 48.Re2 Be4 49.Rd2 Rc8 50.Rf2 a5 51.Re2 Rc4
52.Rd2 a4 53.Rf2 Rc8 54.Re2 h4 55.Rf2 Rc4 56.Rd2 Rc6 57.Rf2 Bd3 58.Rd2 Ke4
59.Kg1 f5 60.Kf2 Rg6 61.Rd1 Rg8 62.Bf6 Rc8 63.Re1+ Kd5 64.Bxh4 Be4 65.Re2 Rc6
66.Be7  1/2-1/2

[Event "FSGM March"]
[Site "Budapest HUN"]
[Date "2002.03.04"]
[Round "3"]
[White "Balogh,C"]
[Black "Kustar,S"]
[Result "1/2-1/2"]
[WhiteElo "2398"]
[BlackElo "2413"]

1.e4 c5 2.Nf3 e6 3.d4 cxd4 4.Nxd4 a6 5.Nc3 Qc7 6.Be2 Nf6 7.O-O d6 8.f4 Nbd7
9.Bf3 Be7 10.a4 O-O 11.Kh1 Rd8 12.Qe2 Bf8 13.Be3 Nc5 14.a5 Re8 15.Nb3 Nfd7
16.Nxc5 Nxc5 17.Qc4 Qd8 18.Rfd1 Nd7 19.Na4 Qxa5 20.Qb3 Qc7 21.c4 Nf6 22.Bb6 Qe7
23.c5 d5 24.e5 Nd7 25.Rac1 Nb8 26.Nc3 Nc6 27.Ne2 f6 28.Qe3 fxe5 29.fxe5 g6
30.Nd4 Bg7 31.Nxc6 bxc6 32.Bg4 Qh4 33.Rd4 Qh6 34.Qxh6 Bxh6 35.Rf1 Bd7 36.Bc7 Be3
37.Rb4 Bxc5 38.Rb3 Rf8 39.Rc1 h5 40.Be2 Bd4 41.Bd3 Kh7 42.Bd6 Rf7 43.Rb7 c5
44.h3 Kg7 45.Bxc5 Bxe5 46.Rf1 Bf6 47.g4 hxg4 48.hxg4 Be8 49.Rb6 e5 50.g5 Bd8
51.Rxg6+ Kh8 52.Rh6+ Kg8 53.Rg6+ Kh8 54.Rh6+ Kg8  1/2-1/2

[Event "ch-RUS Girls U20"]
[Site "Vladimir RUS"]
[Date "2002.03.05"]
[Round "5"]
[White "Meshcheriakova,E"]
[Black "Korbut,E"]
[Result "1/2-1/2"]
[WhiteElo "2169"]
[BlackElo "2359"]

1.e4 c5 2.Nf3 e6 3.Nc3 a6 4.d4 cxd4 5.Nxd4 Qc7 6.f4 Nc6 7.Nf3 Bc5 8.e5 d5
9.a3 Nh6 10.Ng5 Qb6 11.Bd3 Bf2+ 12.Kf1 Bh4 13.g3 Bxg5 14.fxg5 Ng8 15.Qe2 Nge7
16.Kg2 d4 17.Nd1 Ng6 18.Bf4 Bd7 19.Re1 Nce7 20.a4 Bxa4 21.Kg1 Bc6 22.Qf2 Nd5
23.Bd2 Nb4 24.Bxg6 hxg6 25.Rf1 O-O 26.c3 Nd3 27.Qxd4 Qb5 28.c4 Qc5 29.Qxc5 Nxc5
30.Bb4 b6 31.Bxc5 bxc5 32.Ra5 Rfc8 33.Nc3 Rab8 34.Rf2 Ba8 35.Rxa6 Rb4 36.Ra7 Rf8
37.Ra4 Rd8 38.Rxb4 cxb4 39.Nb5 Rd1+ 40.Rf1 Rd2 41.Rf2 Rd1+ 42.Rf1 Rd2  1/2-1/2

[Event "Ciocaltea Mem"]
[Site "Bucharest ROM"]
[Date "2002.03.06"]
[Round "3"]
[White "Lupulescu,C"]
[Black "Ionescu,Co"]
[Result "1-0"]
[WhiteElo "2473"]
[BlackElo "2481"]

1.e4 c5 2.Nf3 e6 3.Nc3 a6 4.d4 cxd4 5.Nxd4 b5 6.Bd3 Bc5 7.Nb3 Be7 8.O-O d6
9.a4 b4 10.Na2 Nc6 11.Bd2 Rb8 12.Qe1 Qb6 13.a5 Qb7 14.f4 Nf6 15.Nac1 O-O
16.Ne2 e5 17.f5 d5 18.Ng3 Qc7 19.exd5 Nxd5 20.Ne4 Nf6 21.Kh1 Rd8 22.Nxf6+ Bxf6
23.Be3 Nd4 24.Nxd4 exd4 25.Bf4 Qa7 26.Bxb8 Qxb8 27.Ra4  1-0

[Event "FSGM March"]
[Site "Budapest HUN"]
[Date "2002.03.07"]
[Round "6"]
[White "Dembo,Y"]
[Black "Varga,Zo"]
[Result "1/2-1/2"]
[WhiteElo "2346"]
[BlackElo "2510"]

1.e4 c5 2.Nf3 e6 3.d4 cxd4 4.Nxd4 a6 5.Nc3 Qc7 6.Bd3 b5 7.O-O Bb7 8.Qe2 d6
9.Bd2 Nd7 10.a4 bxa4 11.Nxa4 Ngf6 12.Nb3 d5 13.exd5 Bxd5 14.Nc3 Bxb3 15.cxb3 Bd6
16.h3 Qb6 17.Bxa6 Qxb3 18.Bc4 Qb8 19.Rxa8 Qxa8 20.Nb5 Qb8 21.Nxd6+ Qxd6 22.Bc3 O-O
23.Rd1 Qc7 24.Bxf6 Nxf6 25.b4 h6 26.Qd3 Rc8 27.Ba2 Qf4 28.Qd2 Qxd2 29.Rxd2 Rc1+
30.Kh2 Kf8 31.f3 Ke7 32.Kg3 Nd7 33.Kf2 g5 34.g3 Ne5 35.Kg2 Rc3 36.Rb2 Nd3
37.Re2 Nxb4 38.Bb1 Rb3 39.Be4 Kf8 40.g4 Ke7 41.Rd2 Rc3 42.Rb2 Rc4 43.Rb1 Kf6
44.Ra1 Ke5 45.Kg3 Rc5 46.Re1 Kf6 47.Rb1 Na2 48.Rb2 Nc3 49.Bb7 Ke5 50.h4 Kd4
51.hxg5 hxg5 52.Ba6 Ra5 53.Rc2 Ke5 54.Bc4 Ra4 55.Bf1 Nd5 56.Bb5 Rb4 57.Be8 Kf6
58.Bc6 Nf4 59.Be4 Rb8 60.Ra2 Rd8 61.Rb2 Rd1 62.Ra2 Rh1 63.Ra5 Rh3+ 64.Kf2 Rh2+
65.Kf1 Rb2 66.Rc5 Ng2 67.Ra5 Ne3+ 68.Ke1 Nc4 69.Rc5 Nd6 70.Bd3 Rh2 71.Ra5 Rb2
72.Rc5 Ra2 73.Kf1 Nb7 74.Rb5 Na5 75.Ke1 Ra3 76.Be4 Nb3 77.Kf2 Nd2 78.Bc6 Ra2
79.Ke1 Nc4 80.Kf1 Rc2 81.Ba8 Ra2 82.Bc6 Ra6 83.Rc5 Ne5 84.Be4 Ra4 85.Ke2 Nc4
86.Kf2 Nd6 87.Bd3 Rb4 88.Ke2 Nb7 89.Rc7 Na5 90.Be4 Nc4 91.Rc5 Rb2+ 92.Ke1 Nd6
93.Bd3 Ra2 94.Be2 Nb7 95.Rb5 Na5 96.Bd3 Nc6 97.Be4 Nd4 98.Rc5 Rb2 99.Ra5 Rb5
100.Ra7 Rc5  1/2-1/2

[Event "FSGM March"]
[Site "Budapest HUN"]
[Date "2002.03.08"]
[Round "7"]
[White "Vajda,Al"]
[Black "Kustar,S"]
[Result "0-1"]
[WhiteElo "2364"]
[BlackElo "2413"]

1.e4 c5 2.Nf3 e6 3.d4 cxd4 4.Nxd4 a6 5.Nc3 b5 6.Bd3 Qb6 7.Nf3 Bb7 8.O-O Qc7
9.Re1 Bc5 10.e5 f5 11.Bd2 Ne7 12.b4 Ba7 13.a4 bxa4 14.b5 Bc5 15.Nxa4 axb5
16.Nxc5 Qxc5 17.Rb1 Bc6 18.Be3 Qd5 19.Qe2 Ng6 20.c4 bxc4 21.Bxc4 Qe4 22.Bc5 Qxe2
23.Bxe2 Nf4 24.Nd4 Bxg2 25.Nb5 Kf7 26.Nd6+ Kg6 27.Rb4 Nxe2+ 28.Kxg2 Ra2 29.Rb7 Nc6
30.Kf1 Nf4 31.Rxd7 Nxe5 32.Re7 Kf6 33.Ne8+ Rxe8 34.Rxe8 Nfd3 35.Rf8+ Kg6
36.Re8 Nxe1 37.Rxe6+ Kf7 38.Rxe5 Nf3 39.Rxf5+ Kg6  0-1

[Event "Anibal Open"]
[Site "Linares ESP"]
[Date "2002.03.08"]
[Round "8"]
[White "Perez,Rod"]
[Black "Li Shilong"]
[Result "0-1"]
[WhiteElo "2429"]
[BlackElo "2509"]

1.e4 c5 2.Nf3 e6 3.Nc3 a6 4.d4 cxd4 5.Nxd4 Qc7 6.Be2 Nf6 7.O-O Bc5 8.Be3 O-O
9.Bf3 d6 10.Na4 e5 11.Nf5 Bxf5 12.Nxc5 dxc5 13.exf5 e4 14.Be2 Qe5 15.f3 exf3
16.Rxf3 Nc6 17.c3 Rfe8 18.Bf1 Ng4 19.Bf4 Qxf5 20.Bd3 Qe6 21.Rg3 Nce5 22.Be4 Rad8
23.Qc2 Ng6 24.Re1 c4 25.Bc7 Rc8 26.h3 f5 27.Rxg4 fxg4 28.Bg3 gxh3 29.Kh2 hxg2
30.Bxg2 Qg4 31.Rf1 Re2 32.Qd1 Rce8 33.Qd5+ Kh8 34.Qxb7 h6 35.Qf3 Qxf3 36.Rxf3 Rxb2
37.Kh3 Rxa2 38.Bf1 Rc8 39.Bf2 Rf8 40.Rxf8+ Nxf8 41.Bd4 Ra4  0-1

[Event "TCh-CZE 2001-2"]
[Site "CZE"]
[Date "2002.03.09"]
[Round "8"]
[White "Salai,L"]
[Black "Langner,L"]
[Result "1/2-1/2"]
[WhiteElo "2404"]
[BlackElo "2379"]

1.e4 c5 2.Nf3 e6 3.d4 cxd4 4.Nxd4 a6 5.Nc3 Qc7 6.Be2 b5 7.O-O Bb7 8.Bf3 b4
9.Nce2 Bd6 10.Ng3 Nf6 11.Re1 Be5  1/2-1/2

[Event "ch-RUS Boys U20"]
[Site "Vladimir RUS"]
[Date "2002.03.10"]
[Round "9"]
[White "Danin,A"]
[Black "Bedarev,S"]
[Result "1-0"]
[WhiteElo "2314"]
[BlackElo "2302"]

1.e4 c5 2.Nf3 e6 3.d4 cxd4 4.Nxd4 a6 5.Nc3 Qc7 6.Be2 Nf6 7.O-O Be7 8.f4 d6
9.Bf3 Bd7 10.Be3 Nc6 11.Kh1 Rc8 12.Qe1 O-O 13.Qg3 Kh8 14.Rad1 b5 15.a3 Na5
16.Rd3 Ne8 17.Rfd1 Bf6 18.b3 Bc6 19.Nxc6 Nxc6 20.Ne2 Bb2 21.b4 a5 22.Qe1 axb4
23.axb4 Bf6 24.Qd2 Be7 25.e5 d5 26.c3 Qb7 27.Nd4 Nxd4 28.Bxd4 f5 29.Ra1 Ra8
30.Rxa8 Qxa8 31.Qb2 Nc7 32.Rd1 Qb7 33.Ra1 Ra8 34.Be2 Ra6 35.Ra5 Rxa5 36.bxa5 Qc6
37.Bb6 Bf8 38.h3 h6 39.Kh2 Kh7 40.h4 Be7 41.h5 Bd8 42.Bd3 Be7 43.g4 g6 44.hxg6+ Kg7
45.gxf5 exf5 46.Bxf5 Ne6 47.Bxe6 Qxe6 48.Qg2 Qf5  1-0

[Event "Mediteran Cup WGM"]
[Site "Rijeka CRO"]
[Date "2002.03.11"]
[Round "4"]
[White "Lakos,N"]
[Black "Pahor,A"]
[Result "1-0"]
[WhiteElo "2306"]
[BlackElo "2011"]

1.e4 c5 2.Nf3 e6 3.d4 cxd4 4.Nxd4 a6 5.Nc3 d6 6.Be3 Nf6 7.f3 b5 8.Qd2 Bb7
9.g4 Nc6 10.O-O-O Be7 11.Kb1 Nd7 12.h4 Nde5 13.Qf2 Qc7 14.Nb3 Nc4 15.Bxc4 bxc4
16.Bb6 Qc8 17.Nd2 Ne5 18.g5 a5 19.f4 Nd7 20.Bd4 e5 21.Be3 exf4 22.Bxf4 Ne5
23.Qd4 O-O 24.Bxe5 dxe5 25.Qxc4 Bc5 26.Nb3 Bb4 27.Qxc8 Rfxc8 28.Nd5 Bxd5
29.Rxd5 a4 30.Nc1 a3 31.b3 Bc3 32.Ne2 Bb2 33.c4 Rc6 34.Ng3 f6 35.Nf5 Ra7
36.Rg1 fxg5 37.Rxg5 g6 38.h5 Kf8 39.hxg6 Rxg6 40.Rxg6 hxg6 41.Nh4 Kg7 42.Rd6 Kh6
43.Nxg6 Kg5 44.Re6 Rh7 45.Nxe5 Rh1+ 46.Kc2 Kf4 47.Nd3+ Ke3 48.Nxb2 Rh2+ 49.Kc1 axb2+
50.Kb1 Kd3 51.Rd6+ Kc3 52.Rd1 Re2 53.Rh1 Rxe4 54.Rh3+ Kb4 55.Kxb2 Re2+ 56.Kb1 Ka3
57.c5 Rb2+ 58.Kc1 Rxa2 59.c6 Kb4 60.c7 Ra8 61.Kb2 Rc8 62.Rh7 Kb5 63.Kc3 Kc5
64.Kd3 Kd5 65.b4 Kc6 66.Kc4 Rg8 67.b5+ Kb6 68.Kd5 Kxb5 69.Rh6 Rg4 70.Kd6 Rg8
71.Kd7 Rg7+ 72.Kc8 Rg8+ 73.Kb7 Rg7 74.Kb8  1-0

[Event "FSGM March"]
[Site "Budapest HUN"]
[Date "2002.03.12"]
[Round "11"]
[White "Antal,Ge"]
[Black "Kustar,S"]
[Result "1-0"]
[WhiteElo "2426"]
[BlackElo "2413"]

1.e4 c5 2.Nf3 e6 3.d4 cxd4 4.Nxd4 a6 5.Nc3 b5 6.Bd3 Qb6 7.Be3 Bc5 8.Be2 Bb7
9.a4 Nf6 10.e5 Nd5 11.Nxd5 Bxd5 12.Nf5 Bxe3 13.Nxe3 Bb7 14.axb5 axb5 15.Rxa8 Bxa8
16.Qd3 Nc6 17.Qd6 Qd4 18.Qa3 Qa7 19.Qxa7 Nxa7 20.Kd2 Ke7 21.f4 Rb8 22.Ra1 Nc6
23.c3 b4 24.Bf3 bxc3+ 25.Kxc3 Bb7 26.Nc4 f6 27.Ra3 Nb4 28.Kxb4 Bxf3+ 29.Kc5 Bxg2
30.Rg3 Bd5 31.Nb6 Kf7 32.b4 g5 33.fxg5 fxe5 34.Nxd7 Rc8+ 35.Kd6 e4 36.b5 Rc2
37.h4 Rb2 38.Ne5+ Kg8 39.Rc3 Bb7 40.Kxe6 Rxb5 41.h5 Kf8 42.Nd7+ Kg7 43.Rc7 Bd5+
44.Kd6 Rb7 45.Rc5 Bf7 46.h6+ Kg6 47.Nf8+ Kh5 48.Nxh7 Bg6 49.Nf6+ Kh4 50.Re5 e3
51.Nd5 e2 52.Nf4 Bh5 53.g6 Bxg6 54.Nxg6+ Kg3 55.Ne7 Rb2 56.h7 e1=Q 57.Rxe1 Rh2
58.Rg1+ Kf4 59.h8=Q  1-0

[Event "72nd ch-ARG"]
[Site "Pinamar ARG"]
[Date "2002.03.13"]
[Round "4"]
[White "Felgaer,R"]
[Black "Fiorito,F"]
[Result "1-0"]
[WhiteElo "2509"]
[BlackElo "2353"]

1.e4 c5 2.Nf3 e6 3.d4 cxd4 4.Nxd4 a6 5.Nc3 Qc7 6.g3 Bb4 7.Ne2 Nf6 8.Bg2 Nc6
9.Bf4 Qb6 10.O-O Be7 11.e5 Ng4 12.Bxc6 bxc6 13.h3 g5 14.hxg4 gxf4 15.Nxf4 Qxb2
16.Qf3 Qa3 17.Nh5 Rb8 18.Nf6+ Kd8 19.Rad1 Kc7 20.Rd3 Qa5 21.Rfd1 Rd8 22.Qf4 Rb4
23.Nfe4 Rf8 24.a3 Rc4 25.Qd2 Qxa3  1-0

[Event "Suetin Mem"]
[Site "Tula RUS"]
[Date "2002.03.23"]
[Round "1"]
[White "Rodchenkov,V"]
[Black "Kuporosov,V"]
[Result "0-1"]
[WhiteElo "2255"]
[BlackElo "2473"]

1.e4 c5 2.Nf3 e6 3.d4 cxd4 4.Nxd4 a6 5.Nc3 Qc7 6.Be3 Nc6 7.Qd2 Nf6 8.Bf4 e5
9.Nxc6 dxc6 10.Bg5 Be7 11.f3 Be6 12.Be3 O-O 13.Bd3 Rfd8 14.Qf2 c5 15.O-O b5
16.a4 b4 17.Nd1 c4 18.Bb6 Qc6 19.Bxd8 Rxd8 20.Bxc4 Bxc4 21.Re1 Bc5 22.Ne3 Be6
23.Kh1 h6 24.Qe2 Bd4 25.Rad1 Rd7 26.c3 bxc3 27.Rc1 Qxa4 28.bxc3 Bxe3 29.Qxe3 Qc6
30.c4 Bxc4 31.Qc3 Rd4 32.Red1 Rxd1+ 33.Rxd1 Qe6 34.Qa5 Bb5 35.Qd8+ Kh7 36.Rd6 Qc4
37.h3 Nh5 38.Kh2 Nf4 39.Rd2 Qc5 40.Qa5 Qe3 41.Qa2 Ne2  0-1

[Event "Open"]
[Site "Mar del Plata ARG"]
[Date "2002.03.24"]
[Round "3"]
[White "Rosito,J"]
[Black "Lujan,C"]
[Result "1-0"]
[WhiteElo "2424"]
[BlackElo "2240"]

1.e4 c5 2.Nf3 e6 3.d4 cxd4 4.Nxd4 a6 5.Nc3 Qc7 6.Be2 b5 7.O-O Bb7 8.Re1 Nc6
9.Nxc6 dxc6 10.e5 Ne7 11.Bf4 Rd8 12.Bd3 c5 13.Qe2 Ng6 14.Bg3 c4 15.Be4 Bb4
16.h4 Bxc3 17.bxc3 Bxe4 18.Qxe4 Ne7 19.Bf4 Nd5 20.Bg5 Rd7 21.a4 h6 22.Bd2 Nb6
23.Bc1 Nxa4 24.Rxa4 bxa4 25.Ba3 Rd5 26.Qg4 Rg8 27.Qf3 Qb8 28.g3 Qb5 29.Kh2 Qb6
30.Re4 Qb5 31.Rf4 Rd7 32.Qa8+ Rd8 33.Qe4 g6 34.Rf6 Qd5 35.Qe3 Rb8 36.Qa7 Qb7
37.Qc5 Rc8 38.Qe3 Rd8 39.Qe2 Qd5 40.Qe3 Rb8 41.Qa7 Qb7 42.Qc5 Rc8 43.Qe3 Qd5
44.Rxf7  1-0

[Event "Open"]
[Site "Mar del Plata ARG"]
[Date "2002.03.27"]
[Round "6"]
[White "Kanefsck,G"]
[Black "Fiorito,F"]
[Result "1/2-1/2"]
[WhiteElo "2395"]
[BlackElo "2353"]

1.e4 c5 2.Nf3 e6 3.d4 cxd4 4.Nxd4 a6 5.Nc3 Qc7 6.Bd3 Nc6 7.Be3 Nf6 8.O-O b5
9.a3 Bb7 10.Qe2 Be7 11.f4 d6 12.Kh1 O-O 13.Qf3  1/2-1/2

[Event "Suetin Mem"]
[Site "Tula RUS"]
[Date "2002.03.27"]
[Round "5"]
[White "Frolyanov,D"]
[Black "Kuporosov,V"]
[Result "0-1"]
[WhiteElo "2295"]
[BlackElo "2473"]

1.e4 c5 2.Nf3 e6 3.d4 cxd4 4.Nxd4 a6 5.Nc3 Qc7 6.g3 Bb4 7.Ne2 Nf6 8.Bg2 Be7
9.O-O O-O 10.b3 Rd8 11.Bb2 Nc6 12.a4 Rb8 13.Nf4 d6 14.Qe2 Bd7 15.Rad1 Ne5
16.Nd3 b5 17.axb5 axb5 18.f4 Nxd3 19.cxd3 b4 20.Nb1 Rbc8 21.Rf2 Bb5 22.Qf3 Qa7
23.Kh1 d5 24.e5 Ne4 25.Re2 Nc3 26.Nxc3 bxc3 27.Bc1 c2 28.Rf1 Rc3 29.Rd2 Qa6
30.f5 exf5 31.Qxf5 Qg6 32.Qxg6 hxg6 33.Rff2 Rxd3 34.Rxd3 Bxd3 35.Rd2 Ra8
36.Rxd3 Ra1  0-1

[Event "XLVIII Nat & Int"]
[Site "Hermosillo MEX"]
[Date "2002.03.28"]
[Round "4"]
[White "Ramirez,Al"]
[Black "Aldama,D"]
[Result "1/2-1/2"]
[WhiteElo "2288"]
[BlackElo "2443"]

1.e4 c5 2.Nf3 e6 3.d4 cxd4 4.Nxd4 a6 5.Nc3 Qc7 6.Be2 Nf6 7.O-O d6 8.Be3 b5
9.f3 Bb7 10.a4 b4 11.Na2 d5 12.c3 Bd6 13.e5 Bxe5 14.f4 Bd6 15.cxb4 O-O 16.b5 Ne4
17.Rc1 Qe7 18.Nc3 Nxc3 19.Rxc3 Nd7 20.Rc1 Nf6 21.bxa6 Bxa6 22.Nb5 Ne4 23.Nxd6 Bxe2
24.Nc8 Raxc8 25.Qxe2 Ra8 26.Qb5 Rfb8 27.Bb6 Nd2 28.Rfd1 Nc4 29.Rxc4 dxc4
30.a5 Qf6 31.Qe5 Qxe5 32.fxe5 Rc8 33.Rc1 f6 34.Kf2 Rc6 35.Ke3 Rb8 36.Kd4 fxe5+
37.Kxe5 Kf7 38.Kd4 Rbc8 39.Kc3 Rd6 40.Rc2 Rd3+ 41.Kb4 Rb3+ 42.Ka4 Rc6 43.Rxc4 Rbxb6
44.Rf4+ Ke7 45.axb6 Rxb6 46.b4 e5 47.Rf1 Ra6+ 48.Kb3 Rg6 49.g3 Kd6 50.Rd1+ Kc6
51.Kc4 Rg4+ 52.Kc3 Re4 53.Rd2 h5 54.Rb2 Kb5 55.Kd3 Re1 56.Kd2 Re4 57.Kd3 Rd4+
58.Ke3 h4 59.gxh4 Rxh4 60.Rg2 Kxb4 61.Rxg7 Kc5 62.Rg2 Kd5 63.Rd2+ Ke6 64.Rf2 Ra4
65.Rf1 Rh4  1/2-1/2

[Event "Open"]
[Site "Mar del Plata ARG"]
[Date "2002.03.29"]
[Round "8"]
[White "Musanti,D"]
[Black "Panno,O"]
[Result "0-1"]
[WhiteElo "2281"]
[BlackElo "2489"]

1.e4 c5 2.Nf3 e6 3.d4 cxd4 4.Nxd4 a6 5.Nc3 Qc7 6.Bd3 Nc6 7.Be3 Nf6 8.O-O Ne5
9.h3 Bc5 10.Kh1 d6 11.f4 Ng6 12.Qe1 O-O 13.f5 Ne5 14.Qh4 b5 15.g4 Re8 16.g5 Nfd7
17.f6 Bb7 18.fxg7 Ng6 19.Qg3 Nde5 20.h4 Kxg7 21.h5 Nf8 22.Qf4 Kg8 23.Qg3 Rac8
24.Rf6 d5 25.Ndxb5 axb5 26.Nxb5 Qb6 27.Qxe5 dxe4 28.Be2 Bxe3 29.h6 Re7 30.Rff1 f5
31.gxf6 Ng6 32.Qg3 Rf7 33.Nd6 Rxc2 34.Rfe1 Bd5 35.Nxf7 Kxf7 36.Rad1 Bd4 37.Bh5  0-1

[Event "Suetin Mem"]
[Site "Tula RUS"]
[Date "2002.03.30"]
[Round "8"]
[White "Okrugin,S"]
[Black "Gusev,Al"]
[Result "1-0"]
[WhiteElo "2373"]
[BlackElo "2365"]

1.e4 c5 2.Nf3 e6 3.d4 cxd4 4.Nxd4 a6 5.Nc3 Qc7 6.Be3 Bb4 7.Qd2 Nf6 8.Bd3 d5
9.exd5 Nxd5 10.Nde2 Nxe3 11.Qxe3 Bc5 12.Qg5 f6 13.Qh5+ Ke7 14.O-O Bd7 15.Ng3 Qe5
16.Qg4 Kf8 17.Rae1 Qd4 18.Re4 Qd6 19.Nh5 Qe7 20.Qh3 Nc6 21.Nf4 Kf7 22.Bc4 Ne5
23.Bb3 g5 24.Nd3 Nxd3 25.cxd3 f5 26.Qxf5+ Kg7 27.Qe5+ Kg6 28.Qg3 Rhf8 29.Nd5 Qd6
30.Re5 h6 31.d4 exd5 32.dxc5 Qxc5 33.Rxd5  1-0

[Event "FSGMA April"]
[Site "Budapest HUN"]
[Date "2002.04.04"]
[Round "3"]
[White "Antal,Ge"]
[Black "Horvath,Ad"]
[Result "1/2-1/2"]
[WhiteElo "2457"]
[BlackElo "2464"]

1.e4 c5 2.Nf3 e6 3.d4 cxd4 4.Nxd4 a6 5.Nc3 b5 6.Bd3 Qb6 7.Be3 Bc5 8.Be2 Nc6
9.Nxc6 dxc6 10.Bxc5 Qxc5 11.Qd3 e5 12.Qg3 Kf8 13.O-O Be6 14.a3 Nf6 15.b4 Qd4
16.Rfd1 Nxe4 17.Nxe4 Qxe4 18.Bf3 Qf4 19.Qxf4 exf4 20.Bxc6 Rb8 21.a4 Ke7 22.axb5 axb5
23.Ra5 Rhc8 24.Rxb5 Rxb5 25.Bxb5 Rxc2 26.Bd3 Rb2 27.Rb1 Rxb1+ 28.Bxb1 Bc4  1/2-1/2

[Event "FSGMA April"]
[Site "Budapest HUN"]
[Date "2002.04.05"]
[Round "4"]
[White "Kallio,H"]
[Black "Fogarasi,T"]
[Result "1/2-1/2"]
[WhiteElo "2502"]
[BlackElo "2445"]

1.e4 c5 2.Nf3 e6 3.Nc3 a6 4.d4 cxd4 5.Nxd4 Qc7 6.Be2 Nc6 7.O-O Nf6 8.Kh1 Be7
9.f4 d6 10.Be3 O-O 11.Qe1 Nxd4 12.Bxd4 b5 13.a3 Bb7 14.Bd3 Bc6 15.Qg3 Rae8
16.Rae1 e5 17.fxe5 Nh5 18.Qh3 dxe5 19.Be3 Nf4 20.Bxf4 exf4 21.e5 g6 22.Qh6 f3
23.gxf3 b4 24.axb4 Bxb4 25.Qf4 Bxc3 26.bxc3 Qa5 27.c4 Re6 28.Re2 Rfe8 29.Rfe1 Qc5
30.h4 a5 31.Kg2 a4 32.Kg3 a3 33.Qe3 Qb4 34.Qd4 a2 35.Ra1 f6 36.Rxa2 fxe5
37.c3 Qe7 38.Qg4 Qc5 39.Re1 Rf6 40.Rf2 Ref8 41.Be4 Qxc4 42.Bxc6 Qxc6 43.Rxe5 Qxc3
44.Re7 Qc6 45.Qe4 Qd6+  1/2-1/2

[Event "FSIMA April"]
[Site "Budapest HUN"]
[Date "2002.04.05"]
[Round "4"]
[White "Balogh,V"]
[Black "Gara,T"]
[Result "1/2-1/2"]
[WhiteElo "2236"]
[BlackElo "2303"]

1.e4 c5 2.Nf3 e6 3.d4 cxd4 4.Nxd4 a6 5.Nc3 b5 6.Bd3 Qb6 7.Nb3 Qc7 8.O-O Nf6
9.f4 Bb7 10.a3 d6 11.Qf3 Nbd7 12.Bd2 Nc5 13.Rae1 Be7 14.Qh3 d5 15.exd5 Nxd3
16.Qxd3 Nxd5 17.f5 O-O 18.fxe6 fxe6 19.Rxe6 Rxf1+ 20.Qxf1 Rf8 21.Qe2 Bd6
22.h3 Qb6+ 23.Kh1 Nxc3 24.Bxc3 Qc6 25.Be5 Re8 26.Bxd6 Qxg2+ 27.Qxg2 Bxg2+
28.Kxg2 Rxe6 29.Bb4 Re2+ 30.Kf3 Rxc2 31.Bc3 Kf7 32.Nd4 Rc1 33.Nc6 Rd1 34.Nb4 a5
35.Nc6 a4 36.Kg2 Rd5 37.Kf3 Rd3+ 38.Kg4 h5+ 39.Kh4 Re3 40.Ne5+ Ke6 41.Nc6 g5+
42.Kxg5 Rxh3 43.Nd4+ Kd5 44.Nxb5 Kc4 45.Nd6+ Kb3 46.Be5 Rd3 47.Kxh5 Rd5 48.Nf7 Rxe5+
49.Nxe5 Kxb2 50.Nc4+ Kb3 51.Nb6 Kxa3 52.Nxa4 Kxa4  1/2-1/2

[Event "Open"]
[Site "Geneva SUI"]
[Date "2002.04.06"]
[Round "4"]
[White "Tournier,P"]
[Black "Lamoureux,C"]
[Result "1-0"]
[WhiteElo "2172"]
[BlackElo "2386"]

1.e4 c5 2.Nf3 e6 3.d4 cxd4 4.Nxd4 a6 5.Nc3 Qc7 6.Be2 Nf6 7.O-O Nc6 8.Kh1 Be7
9.f4 d6 10.Be3 O-O 11.a4 Re8 12.Nb3 b6 13.Bf3 Bb7 14.Qd2 Rab8 15.g4 Na5 16.Nxa5 bxa5
17.g5 Nd7 18.Ne2 Bc6 19.Bd4 e5 20.Bc3 Nc5 21.Ng3 Ne6 22.h4 Nxf4 23.Bxa5 Qb7
24.Bc3 g6 25.Rfd1 Rbd8 26.Ba5 Rd7 27.Qb4 f5 28.gxf6 Bxf6 29.Qxb7 Bxb7 30.Bg4 Rf7
31.Rxd6 Bxh4 32.Kh2 Be7 33.Rd2 h5 34.Bd7 Ref8 35.Re1 h4 36.Nh1 Bg5 37.Rd6 Kh7
38.Bc6 Bc8 39.Bd2 Be7 40.Rd5 Nxd5 41.Bxd5 Rf2+  1-0

[Event "Open"]
[Site "Geneva SUI"]
[Date "2002.04.07"]
[Round "6"]
[White "De Andres,J"]
[Black "Lamoureux,C"]
[Result "0-1"]
[WhiteElo "2036"]
[BlackElo "2386"]

1.e4 c5 2.Nf3 e6 3.d4 cxd4 4.Nxd4 a6 5.Nc3 Qc7 6.Bd3 Nf6 7.O-O Nc6 8.Nxc6 dxc6
9.Be3 Bd6 10.h3 Bf4 11.Qf3 Bxe3 12.Qxe3 e5 13.f4 exf4 14.Qxf4 Qxf4 15.Rxf4 Be6
16.Re1 Nd7 17.e5 O-O 18.a4 a5 19.b4 axb4 20.Rxb4 b6 21.Be4 Rfc8 22.Bf3 Ra5
23.Kf2 Rc5 24.Re3 Nxe5  0-1